Tony and his pals /

Bibliographic Details
Main Author: Christeson, Helen Mae, 1905-
Other Authors: Christeson, Frances Mary, 1901-
Format: Book
Language:English
Published: Chicago : Albert Whitman & co., [1934]
Subjects:

MARC

Tag First Indicator Second Indicator Subfields
LEADER 00000cam a2200000 i 4500
001 in00000690913
005 20151016050702.0
008 790305s1934 iluacf 00010 eng
010 |a  34021330  
035 |a (OCoLC)04711753 
035 |9 ADA6185AM 
040 |a DLC  |c IFA  |d TXA  |d UtOrBLW 
049 |a TXAS  |c [381983] 
090 |a QL795.H7  |b C5 
100 1 |a Christeson, Helen Mae,  |d 1905- 
245 1 0 |a Tony and his pals /  |c by H. M. and F.M. Christeson, with a chapter by Tom Mix. Decorated by Kay Little. 
264 1 |a Chicago :  |b Albert Whitman & co.,  |c [1934] 
300 |a 144 pages including frontispiece, illustrations, plates., ports. ;  |c 21 cm. 
336 |a text  |b txt  |2 rdacontent 
337 |a unmediated  |b n  |2 rdamedia 
338 |a volume  |b nc  |2 rdacarrier 
500 |a Illustrated lining-papers. 
600 1 0 |a Mix, Tom,  |d 1880-1940. 
650 0 |a Horses  |v Folklore. 
700 1 |a Christeson, Frances Mary,  |d 1901- 
999 |a MARS 
999 f f |s fddbe0d5-bd09-3692-9864-1a50808b872b  |i 95efd9b1-bc79-3ebd-972c-a7af382bcae2  |t 0 
952 f f |p noncirc  |a Texas A&M University  |b College Station  |c Cushing Memorial Library & Archives  |d Cushing: Dykes (Does not check out)  |t 0  |e QL795.H7 C5  |h Library of Congress classification  |i unmediated -- volume  |m A14851916966 
998 f f |a QL795.H7 C5  |t 0  |l Cushing: Dykes (Does not check out)